000 00551nam a2200157 a 4500
001 000028109
005 20200930031345.0
008 110406s1990 dr a 000 0 spa d
040 _aDO-SdBNP
_bspa
_cBNPHU
100 1 _aChanlatte Baik, Luis A.
_932493
245 1 3 _aLa nueva arqueología de Puerto Rico :
_bsu proyecciónn en las Antillas /
_cLuis A. Chanlatte Baik, Yvonne M. Narganes Storde.
260 _aSanto Domingo :
_bEditora Taller,
_c1990.
300 _a49 p. :
_bil. ;
_c23 cm.
700 1 _aNarganes Storde, Yvonne M.
_955117
049 _aBNPD
999 _c27601
_d27601